000 00852nam a2200301Ia 4500
001 11370
003 IT-RoPAU
008 130308s9999 xx 000 0 und d
040 _aIT-RoPAU
040 _cIT-RoPAU
041 _aITALIANO
100 _aWilder Thorton
100 _gCodice Aut. SPICS: 12024
245 _aRegine di Francia (Le)-Queens of France
245 _bPalcoscenico di Broadway-Raccolta di Teatro Americano Contemporaneo
250 _a1a ed.
260 _aROMA
260 _bOet/Edizioni Del Secolo
260 _c1946 [1° Ed.:1946 - Ed.Ling.Originale:1931]
300 _a"15 p. (prefazione: no ; testo: 15 [pagine: 157-171])"
500 _aTraduzione di Riccardo Aragno
650 _aAUTORI/OPERE DI TEATRO
650 _eCodice materia Spics: 8407
942 _cBK
957 _71
999 _c61837
_d61837
999 _bSI
999 _g1